Stress Level Comparison of Participants According to Their Age, Gender and the Region

Stres má do určitého stupňa motivačný charakter, na druhej strane, ak ide o dlhodobý vplyv stresu, má negatívny dopad nielen na správanie človeka, ale aj jeho fyziognómiu. Analýza a meranie, ako stres vplýva na jednotlivé skupiny ľudí rozdelených z hľadiska veku, rodu a ich bydliska.

Saved in:
Bibliographic Details
Main Author: Kováč, Karol
Other Authors: Baranovská, Andrea
Format: Book Chapter
Language:English
Subjects:
Tags: Add Tag
No Tags, Be the first to tag this record!

MARC

LEADER 00000nla a2200000 4500
001 0241082
005 20240417075133.1
041 0 |a eng 
044 |a CZ 
245 1 0 |a Stress Level Comparison of Participants According to Their Age, Gender and the Region  |c Karol Kováč, Andrea Baranovská 
520 |a Stres má do určitého stupňa motivačný charakter, na druhej strane, ak ide o dlhodobý vplyv stresu, má negatívny dopad nielen na správanie človeka, ale aj jeho fyziognómiu. Analýza a meranie, ako stres vplýva na jednotlivé skupiny ľudí rozdelených z hľadiska veku, rodu a ich bydliska. 
610 2 0 |a psychológia 
610 2 0 |a stresy 
610 2 0 |a meranie 
610 2 0 |a analýza komparatívna 
610 2 0 |a vek 
610 2 0 |a muži 
610 2 0 |a ženy 
610 2 0 |a regióny 
100 1 |a Kováč, Karol 
700 1 |a Baranovská, Andrea